ბათუმის შოთა რუსთაველის სახელმწიფო უნივერსიტეტის ბიბლიოთეკა

იმხნად (წიგნი მეორე) (ბიბ.ჩანაწერი № 51627)

000 -LEADER
fixed length control field 00898nam a2200253Ia 4500
001 - CONTROL NUMBER
control field 18618
003 - CONTROL NUMBER IDENTIFIER
control field GE_BSU
008 - FIXED-LENGTH DATA ELEMENTS--GENERAL INFORMATION
fixed length control field 181216s||||||||xx |||||||||||||| ||und||
040 ## - CATALOGING SOURCE
Transcribing agency GE_BSU
080 ## - UNIVERSAL DECIMAL CLASSIFICATION NUMBER
Universal Decimal Classification number 821.353.1-1
100 ## - MAIN ENTRY--PERSONAL NAME
Personal name ჯაყელი,ჯემალ
245 ## - TITLE STATEMENT
Title იმხნად (წიგნი მეორე)
245 ## - TITLE STATEMENT
Remainder of title [ლექსები]
245 ## - TITLE STATEMENT
Statement of responsibility, etc. რედ.შემდგ.სანდრო ბერიძე
260 ## - PUBLICATION, DISTRIBUTION, ETC.
Place of publication, distribution, etc. ბათუმი.
260 ## - PUBLICATION, DISTRIBUTION, ETC.
Name of publisher, distributor, etc. სრულიად საქართველოს ასოციაცია მესხეთი
260 ## - PUBLICATION, DISTRIBUTION, ETC.
Date of publication, distribution, etc. 2016
300 ## - PHYSICAL DESCRIPTION
Extent 130გვ;ილ;
300 ## - PHYSICAL DESCRIPTION
Other physical details ავტ.1ფოტო პორტრეტი.
653 ## - INDEX TERM--UNCONTROLLED
Uncontrolled term იმხნად (წიგნი მეორე)
653 ## - INDEX TERM--UNCONTROLLED
Uncontrolled term ლექსები
653 ## - INDEX TERM--UNCONTROLLED
Uncontrolled term ქართული პოეზია
942 ## - ADDED ENTRY ELEMENTS (KOHA)
Koha item type წიგნი
ეგზემპლარები
Withdrawn status Lost status Damaged status Not for loan Date acquired Barcode Date last seen Price effective from Koha item type
        2018-12-17 48152 2018-12-17 2018-12-17 წიგნი